banner koha

Principais gramineas do Rio Grande do Sul (Agrostologia Rio-Grandense)[Taxonomia vegetal; Brasil] (Registro n. 263541)

MARC details
000 -LÍDER
campo de controle de tamanho fixo 00801nac a22002537a 4500
001 - NÚMERO DE CONTROLE
campo de controle BR7100397
003 - IDENTIFICADOR DO NÚMERO DE CONTROLE
campo de controle BR-BrBNA
005 - DATA E HORÁRIO DA ÚLTIMA TRANSAÇÃO
campo de controle 20240105113414.0
008 - CAMPO DE DADOS FIXOS--INFORMAÇÃO GERAL
campo de controle de tamanho fixo 230509b bl.|||m| |||| 00| 0 por d
040 ## - FONTE DA CATALOGAÇÃO
Instituição da catalogação original BR-BrBNA
Idioma da catalogação por
Instituição que transcreveu o registro Biblioteca Nacional de Agricultura
072 ## - CÓDIGO DE CATEGORIA DE ASSUNTO
Código de Categoria de Assunto F70; L30
090 ## - NÚMERO DE CHAMADA LOCAL
Número de chamada 1930 BR7100397
100 1# - ENTRADA PRINCIPAL--NOME PESSOAL
Nome pessoal Araujo, A.A. de
245 1# - TÍTULO
Título Principais gramineas do Rio Grande do Sul (Agrostologia Rio-Grandense)[Taxonomia vegetal; Brasil]
260 3# - PUBLICAÇÃO, DISTRIBUIÇÃO, ETC.
Local de publicação, distribuição, etc. Porto Alegre, RS (Brasil):
Nome do editor, distribuidor, etc. Sulina,
Data da publicação, distribuição, etc. 1971.
300 ## - DESCRIÇÃO FÍSICA
Extensão 255 p.
490 ## - TÍTULO DA SÉRIE
Título da série Colecao Tecnica Rural (Brazil)
Número do volume ou designação sequencial da série
ISSN - International Standard Serial Number
650 ## - ASSUNTO--TERMO TÓPICO
Cabeçalho tópico ou nome geográfico Taxonomia vegetal
650 ## - ASSUNTO--TERMO TÓPICO
Cabeçalho tópico ou nome geográfico Nutricao animal
650 ## - ASSUNTO--TERMO TÓPICO
Cabeçalho tópico ou nome geográfico Graminea forrageira
650 ## - ASSUNTO--TERMO TÓPICO
Cabeçalho tópico ou nome geográfico Rio Grande do Sul
909 ## -
-- 202312
-- Lúcia Elande
-- 55
-- Lúcia Elande
942 ## - ELEMENTOS DE ENTRADA ADICIONADOS (KOHA)
Fonte da classificação ou esquema de arquivamento na estante Classificação AGRIS
Ocultar no OPAC Não
Tipo de material Koha Monografia Seriada
Exemplares
Situação do descarte Fonte da classificação ou esquema de arquivamento na estante Situação física Não pode ser emprestado Coleção Biblioteca de origem Biblioteca atual Localização na estante Total de empréstimos Número de telefone completo Código de barras Data de último acesso Tipo de material Koha Fonte de aquisição
  Classificação AGRIS       Biblioteca Nacional de Agricultura - Binagri Biblioteca Nacional de Agricultura - Binagri Agrobase - Acervo Geral   1930 BR7100397 1930 BR7100397 18/12/2023 Monografia Seriada Portaria Interministerial nº 164/94

BINAGRI

Telefone: (61)3218-2567/2388/3357/2097 - binagri@agro.gov.br

Ministério da Agricultura e Pecuária , Esplanada dos Ministérios, Bloco D, Anexo B, Brasília/DF, CEP: 70.043-900